00364nam a2200133 a 4500008004100000020001500041050001800056100002100074245003800095260004300133350000900176650001300185650003200198120416s1990 ||||||||||||||||| || u a052138897x aQA 862.P4 Bak aBaker, Gregory L10aChaotic dynamics: an introduction aCambridge:bThe University Pressc1990 a0.00 aPendulum aCHAOTIC BEHAVIOR IN SYSTEMS